DSM-III-R: manual diagnóstico y estadístico de los trastornos mentales

Spremljeno u:
Bibliografski detalji
Autor kompanije: American Psychiatric Association (Autor)
Format: Knjiga
Jezik:španjolski
Izdano: Barcelona Masson 1988
Teme:
Oznake: Dodaj oznaku
Bez oznaka, Budi prvi tko označuje ovaj zapis!

MARC

LEADER 00000nam a2200000 a 4500
001 UCM9312
003 CL-VaPUC
008 030417e19880000SP |||||||||||||||||spa|d
082 0 4 |a 616.89  |b AME  |2 21 
110 2 |a American Psychiatric Association  |e author  |9 475796 
245 1 0 |a DSM-III-R: manual diagnóstico y estadístico de los trastornos mentales 
300 |a 660 p 
942 |c BK 
945 |d 20030417 00:00:00  |a cmena 
260 |a Barcelona  |b Masson  |c 1988 
650 0 |a Trastornos mentales  |9 307475 
650 0 |a Psiquiatría  |9 308427 
650 0 |a Análisis estadístico  |9 269506 
583 |a last modification  |c 20030417 00:00:00  |k Rodrigo Vera 
999 |c 303633  |d 303631 
952 |0 0  |1 0  |4 0  |6 616_890000000000000_AME_1988  |7 0  |8 A  |9 365096  |a BIBDER  |b BIBDER  |d 2019-11-21  |i 3897346  |o 616.89 AME 1988  |p 3897346  |r 2023-01-25  |w 2019-11-21  |y BK  |k DER